Ч. 2; Методы и средства автоматизации профессиональной деятельности

التفاصيل البيبلوغرافية
Parent link:Методы и средства автоматизации профессиональной деятельности: учебное пособие/ Томский политехнический университет (ТПУ). Ч. 2.— , 2007
مؤلفون آخرون: Слащев И. В. Игорь Владимирович (редактор), Ляпушкин С. В. Сергей Викторович, Глазырин А. С. Александр Савельевич, Ляпунов Д. Ю. Данил Юрьевич
الملخص:В учебном пособии содержится описание программных средств, позволяющих решать технические задачи, распространённые в электротехнике, электромеханике, электроэнергетике. Каждый раздел включает в себя необходимый теоретический материал, примеры решения типовых задач с применением прикладных программных средств и варианты самостоятельных заданий. Предлагаемые практические работы, проводящиеся в специально оборудованных компьютерных классах, позволяют получить навыки, необходимые в дальнейшей профессиональной деятельности. Во вторую часть учебного пособия включены программы «P-CAD». «T-Flex», «Simulink». Учебное пособие предназначено для студентов направлений 140600 «Электромеханика, электротехника и электротехнологии» и 140200 «Электроэнергетика».
اللغة:الروسية
منشور في: 2007
الموضوعات:
التنسيق: كتاب
KOHA link:https://koha.lib.tpu.ru/cgi-bin/koha/opac-detail.pl?biblionumber=136773

MARC

LEADER 00000nam2a2200000 4500
001 136773
005 20240403064830.0
035 |a (RuTPU)RU\TPU\book\148238 
090 |a 136773 
100 |a 20080428d2007 m y0rusy50 ca 
101 0 |a rus 
102 |a RU 
105 |a a j 001zy 
200 0 |a Ч. 2  |f И. В. Слащев [и др.]  |g под ред. И. В. Слащева 
210 |d 2007 
215 |a 173 с.  |c ил. 
320 |a Библиогр.: с. 171-172. 
330 |a В учебном пособии содержится описание программных средств, позволяющих решать технические задачи, распространённые в электротехнике, электромеханике, электроэнергетике. Каждый раздел включает в себя необходимый теоретический материал, примеры решения типовых задач с применением прикладных программных средств и варианты самостоятельных заданий. Предлагаемые практические работы, проводящиеся в специально оборудованных компьютерных классах, позволяют получить навыки, необходимые в дальнейшей профессиональной деятельности. Во вторую часть учебного пособия включены программы «P-CAD». «T-Flex», «Simulink». Учебное пособие предназначено для студентов направлений 140600 «Электромеханика, электротехника и электротехнологии» и 140200 «Электроэнергетика». 
461 1 |0 (RuTPU)RU\TPU\book\148440  |t Методы и средства автоматизации профессиональной деятельности  |o учебное пособие  |f Томский политехнический университет (ТПУ)  |v Ч. 2  |d 2007 
610 1 |a электротехника 
610 1 |a электромеханика 
610 1 |a электроэнергетика 
610 1 |a программные средства 
610 1 |a программные пакеты 
610 1 |a T-Flex CAD 
610 1 |a MatLab/Simulink 
610 1 |a P-CAD 
610 1 |a применение 
610 1 |a визуальное моделирование 
610 1 |a автоматизированное проектирование 
610 1 |a теория 
610 1 |a практические работы 
610 1 |a учебные пособия 
675 |a 621.3:681.3(075.8)  |v 3 
701 1 |a Слащев  |b И. В.  |c специалист в области электротехники  |c доцент Томского политехнического университета, кандидат технических наук  |c выпускник ТПИ 1973 г.  |f 1951-  |g Игорь Владимирович  |3 (RuTPU)RU\TPU\pers\26595  |9 12278 
701 1 |a Ляпушкин  |b С. В.  |c специалист в области электротехники  |c доцент Томского политехнического университета, кандидат технических наук  |f 1973-  |g Сергей Викторович  |y Томск  |3 (RuTPU)RU\TPU\pers\27842  |9 12877 
701 1 |a Глазырин  |b А. С.  |c специалист в области электротехники  |c профессор Томского политехнического университета, доктор технических наук  |f 1978-  |g Александр Савельевич  |y Томск  |3 (RuTPU)RU\TPU\pers\26445  |9 12148 
701 1 |a Ляпунов  |b Д. Ю.  |c специалист в области электротехники  |c доцент Томского политехнического университета, кандидат технических наук  |f 1982-  |g Данил Юрьевич  |3 (RuTPU)RU\TPU\pers\26526  |9 12220 
702 1 |a Слащев  |b И. В.  |g Игорь Владимирович  |4 340 
801 1 |a RU  |b 63413507  |c 20080428  |g PSBO 
801 2 |a RU  |b 63413507  |c 20191122  |g PSBO 
942 |c BK